000
00332nam a2200157Ia 4500
008
210210b1952 xxu||||| |||| 00| 0 eng d
041
_a
eng
082
_a
828/245
100
_a
GARRETT (G)
245
_a
Wild wheel
260
_a
London
_b
-
_c
1952
650
_a
Wild
650
_a
wheel
690
_a
Biography
906
_a
016090
999
_c
135480
_d
135480